| 000 | 00759nam a2200241 i 4500 | ||
|---|---|---|---|
| 001 | bgj | ||
| 100 | 1 | _aRICHARDS, Jack C. | |
| 245 | 1 | 0 |
_aLongman Dictionary of language teaching and applied linguistics / _cJack C. Richards, John Platt, Heidi Platt ; consultant Proffessor C. N. Candlin. |
| 260 |
_aHarlow, Essex : _bLongman, _c1999. |
||
| 300 |
_aVIII, 423 pp ; _c22 cm. |
||
| 650 | 9 | _aApplied linguistics | |
| 650 | 9 |
_aLanguage and languages _xStudy and teaching |
|
| 655 | _aDictionaries | ||
| 700 | 1 | _aPLATT, John. | |
| 700 | 1 | _aPLATT, Heidi. | |
| 700 | 1 |
_aCANDLIN, Christopher N. _ekonsult. |
|
| 020 | _a0582072441 | ||
| 040 | _cBPK | ||
| 041 | 0 | _aeng | |
| 920 | _a0-582-07244-1 | ||
| 942 | _cKS | ||
| 008 | s uk f |000 0 eng | ||
| 999 |
_c48558 _d48558 |
||
| 856 |
_uhttp://koha.tu.koszalin.pl/cgi-bin/koha/opac-detail.pl?biblionumber=48558 _yKatalog online BPK |
||